[Event "Pfaeffikon Acrevis op 2nd"]
[Site "Pfaeffikon"]
[Date "2022.07.30"]
[Round "5"]
[White "Wahl, Peter"]
[Black "Reinhardt, Bernd"]
[Result "0-1"]
[WhiteElo "1819"]
[BlackElo "2115"]
[PlyCount "40"]
[EventDate "2022.07.28"]
[EventType "swiss"]
[EventRounds "6"]
[EventCountry "SUI"]
[SourceTitle "EXT 2023"]
[Source "ChessBase"]
[SourceDate "2022.10.05"]
[SourceVersion "1"]
[SourceVersionDate "2022.10.05"]
[SourceQuality "1"]

1. d4 d6 2. c4 Nf6 3. Nc3 Nbd7 4. e4 e5 5. d5 Be7 6. g3 c6 7. f3 0-0 8. Be3 Nh5 9. Bh3 g6 10. Nge2 Nb6 11. Bxc8 Qxc8 12. Qb3 cxd5 13. Nxd5 Nxd5 14. cxd5 f5 15. Kd2 fxe4 16. fxe4 Nf6 17. Qd3 Qh3 18. Kc2 Qg2 19. Bg5 Rac8+ 20. Kb3 Nxe4 0-1

[Event "Pfaeffikon Acrevis op 2nd"]
[Site "Pfaeffikon"]
[Date "2022.07.28"]
[Round "1"]
[White "Wahl, Peter"]
[Black "Zhou, Syang"]
[Result "0-1"]
[WhiteElo "1819"]
[BlackElo "2259"]
[PlyCount "38"]
[EventDate "2022.07.28"]
[EventType "swiss"]
[EventRounds "6"]
[EventCountry "SUI"]
[SourceTitle "EXT 2023"]
[Source "ChessBase"]
[SourceDate "2022.10.05"]
[SourceVersion "1"]
[SourceVersionDate "2022.10.05"]
[SourceQuality "1"]

1. d4 d5 2. c4 c6 3. Nd2 Nf6 4. Qc2 g6 5. e4 dxe4 6. Nxe4 Qxd4 7. Nc3 Bf5 8. Qb3 Qb6 9. Be3 Qxb3 10. axb3 Na6 11. Na2 Bg7 12. Nf3 c5 13. Rc1 Ng4 14. Nc3 Nxe3 15. fxe3 Rd8 16. Be2 Nb4 17. Kf2 Bc2 18. Nd5 Bxb3 19. Nxb4 cxb4 0-1

[Event "Bad Woerishofen op 34th"]
[Site "Bad Woerishofen"]
[Date "2018.02.25"]
[Round "4"]
[White "Bangert, Ruediger"]
[Black "Wahl, Peter"]
[Result "1-0"]
[WhiteElo "1563"]
[BlackElo "1820"]
[PlyCount "61"]
[EventDate "2018.02.23"]
[EventType "swiss"]
[EventRounds "9"]
[EventCountry "GER"]
[SourceTitle "CBM 183 Extra"]
[Source "ChessBase"]
[SourceDate "2018.04.19"]
[SourceVersion "1"]
[SourceVersionDate "2018.04.19"]
[SourceQuality "1"]

1. d4 Nf6 2. c4 g6 3. g3 Bg7 4. Bg2 d5 5. Nc3 dxc4 6. Qa4+ c6 7. Qxc4 0-0 8. e3 Nbd7 9. Nf3 Re8 10. 0-0 e5 11. Rd1 exd4 12. Nxd4 Ne5 13. Qf1 Qe7 14. f4 Neg4 15. Qf3 Bf5 16. Nxf5 gxf5 17. Re1 Rad8 18. h4 Nh6 19. a3 Ne4 20. Nxe4 fxe4 21. Qf2 f5 22. Rb1 c5 23. Bf1 a6 24. Bd2 b5 25. Ba5 Rd6 26. Rec1 Rc6 27. Qc2 Rec8 28. Bc3 Rg6 29. Kh2 Bxc3 30. Qxc3 Rd6 31. Rd1 1-0

[Event "Bad Woerishofen op 34th"]
[Site "Bad Woerishofen"]
[Date "2018.02.24"]
[Round "3"]
[White "Wahl, Peter"]
[Black "Koch, Harald"]
[Result "0-1"]
[WhiteElo "1820"]
[BlackElo "1918"]
[PlyCount "48"]
[EventDate "2018.02.23"]
[EventType "swiss"]
[EventRounds "9"]
[EventCountry "GER"]
[SourceTitle "CBM 183 Extra"]
[Source "ChessBase"]
[SourceDate "2018.04.19"]
[SourceVersion "1"]
[SourceVersionDate "2018.04.19"]
[SourceQuality "1"]

1. d4 Nc6 2. d5 Nb8 3. g3 Nf6 4. Bg2 g6 5. e4 d6 6. f4 Bg7 7. Ne2 c6 8. dxc6 Nxc6 9. Nbc3 0-0 10. Be3 Qa5 11. a3 Ng4 12. Bg1 Be6 13. h3 Nh6 14. b4 Qc7 15. Nd5 Qd8 16. Rb1 f5 17. c4 fxe4 18. Bxe4 Bf7 19. Bd4 Nxd4 20. Nxd4 e6 21. Ne3 e5 22. Ne2 exf4 23. Nxf4 Qe7 24. Qd3 Rae8 0-1

[Event "Tabor op"]
[Site "Tabor"]
[Date "2010.08.01"]
[Round "1"]
[White "Fakan, Petr"]
[Black "Wahl, Peter"]
[Result "0-1"]
[WhiteElo "1324"]
[BlackElo "1985"]
[PlyCount "72"]
[EventDate "2010.08.01"]
[EventType "swiss"]
[EventRounds "9"]
[EventCountry "CZE"]
[SourceTitle "EXT 2012"]
[Source "ChessBase"]
[SourceDate "2011.11.24"]
[SourceVersion "1"]
[SourceVersionDate "2011.11.24"]
[SourceQuality "1"]

1. d4 Nf6 2. Bg5 Ne4 3. Bf4 c5 4. f3 Qa5+ 5. Nd2 Nxd2 6. Bxd2 Qc7 7. d5 e6 8. c4 Bd6 9. e4 Bxh2 10. Ne2 Bg3+ 11. Nxg3 Qxg3+ 12. Ke2 exd5 13. cxd5 d6 14. Qa4+ Bd7 15. Qb3 b5 16. Be1 Qg6 17. Kd1 c4 18. Qc2 0-0 19. b3 cxb3 20. axb3 Rc8 21. Qd2 f5 22. Bd3 fxe4 23. Bxe4 Bf5 24. Bxf5 Qxf5 25. Rh4 Qf6 26. Rc1 Nd7 27. Rf4 Qh6 28. Rxc8+ Rxc8 29. Qd4 Rc5 30. Qe4 Qg6 31. Qe6+ Qxe6 32. dxe6 Nf6 33. Bh4 Rc7 34. Bxf6 gxf6 35. Rxf6 Re7 36. Rf5 a6 0-1